000 01211nam a2200265 a 4500
003 SISC
005 20170126145301.0
008 121030s19uu xx 00 eng d
020 _a9780230337176
050 _aHD 9743.A2
_b.Sm65 2011
100 _aSmith, Ron.
245 _aMilitary economics :
_bthe interaction of power and money /
_cRon Smith.
250 _aPaperback edition.
260 _aBasingstoke [England] ; New York :
_bPalgrave Macmillan,
_c2011.
300 _a194 pages ;
_c23 cm.
500 _aIncludes bibliographical references and index.
520 _a"Military power needs to be financed and economic development is often shaped by military conflict, thus the interaction of military and economy, power and money is central to the modern world. This book provides an accessible introduction to the economics of the use of organised force, with a wide range of historical and current examples"--Provided by publisher.
650 _aDefense industries.
650 _aMilitary policy
_xEconomic aspects.
650 _aArmed Forces
_xAppropriations and expenditures.
650 _aMilitary administration.
650 _aMilitary policy.
942 _cBK
_2lcc
_kFOR
999 _c25427
_d25427